Statistics for nursing and allied health / (Record no. 687)

000 -LEADER
fixed length control field 02664nam a22004337a 4500
001 - CONTROL NUMBER
control field 15318504
003 - CONTROL NUMBER IDENTIFIER
control field OSt
005 - DATE AND TIME OF LATEST TRANSACTION
control field 20210421070032.0
008 - FIXED-LENGTH DATA ELEMENTS--GENERAL INFORMATION
fixed length control field 080604s2009 paua b 001 0 eng
010 ## - LIBRARY OF CONGRESS CONTROL NUMBER
LC control number 2008024783
020 ## - INTERNATIONAL STANDARD BOOK NUMBER
International Standard Book Number 9780781754590 (pbk.)
020 ## - INTERNATIONAL STANDARD BOOK NUMBER
International Standard Book Number 0781754593 (pbk.)
035 ## - SYSTEM CONTROL NUMBER
System control number (DNLM)101475673
040 ## - CATALOGING SOURCE
Original cataloging agency DNLM/DLC
Transcribing agency DLC
Modifying agency eng
Language of cataloging eng
041 ## - LANGUAGE CODE
Language code of text/sound track or separate title eng
042 ## - AUTHENTICATION CODE
Authentication code pcc
050 00 - LIBRARY OF CONGRESS CALL NUMBER
Classification number RT68
Item number .P65 2009
080 ## - UNIVERSAL DECIMAL CLASSIFICATION NUMBER
Universal Decimal Classification number 616-08
Item number P-75
082 00 - DEWEY DECIMAL CLASSIFICATION NUMBER
Classification number 610.73072
Edition number 22
100 1# - MAIN ENTRY--PERSONAL NAME
Personal name Plichta, Stacey Beth,
Dates associated with a name 1965-
245 10 - TITLE STATEMENT
Title Statistics for nursing and allied health /
Statement of responsibility, etc. Stacey B. Plichta, Laurel S. Garzon.
Remainder of title / by: Wolters Kluwer/Lippincott Williams & Wilkins Health,
260 ## - PUBLICATION, DISTRIBUTION, ETC.
Place of publication, distribution, etc. Philadelphia :
Name of publisher, distributor, etc. Wolters Kluwer/Lippincott Williams & Wilkins Health,
Date of publication, distribution, etc. c2009.
300 ## - PHYSICAL DESCRIPTION
Extent xii, 420 p. :
Other physical details ill. ;
Dimensions 23 cm.
504 ## - BIBLIOGRAPHY, ETC. NOTE
Bibliography, etc. note Includes bibliographical references and index.
505 0# - FORMATTED CONTENTS NOTE
Formatted contents note Using research and statistics in health care -- Descriptive statistics : getting to know the data -- Building blocks for using inferential statistics -- Inferential statistics : finding relationships in the data -- The independent T-test and the Mann-Whitney U-test: comparing the means of two unrelated groups -- The paired T-test and the Wilcoxon matched-pairs test: comparing the means of two related groups -- The one-way Anova and the Kruskal-Wallis H-test: comparing the means of three or more unrelated groups -- The repeated-measures Anova and the Friedman's Anova by rank : comparing the means of three or more related groups -- The Pearson and the Spearman correlation coefficients : measuring the association of two variables -- The chi-square statistic and the McNemar test : examining relationships between categorical variables -- Model building with linear and logistic regression -- Writing for publication.
650 #0 - SUBJECT ADDED ENTRY--TOPICAL TERM
Topical term or geographic name entry element Nursing
General subdivision Research
-- Statistical methods.
650 #0 - SUBJECT ADDED ENTRY--TOPICAL TERM
Topical term or geographic name entry element Patient Care
9 (RLIN) 285
650 #0 - SUBJECT ADDED ENTRY--TOPICAL TERM
Topical term or geographic name entry element Medical statistics.
650 12 - SUBJECT ADDED ENTRY--TOPICAL TERM
Topical term or geographic name entry element Statistics as Topic
General subdivision methods.
650 22 - SUBJECT ADDED ENTRY--TOPICAL TERM
Topical term or geographic name entry element Nursing Research.
653 ## - INDEX TERM--UNCONTROLLED
Uncontrolled term პაციენტის მოვლა
653 ## - INDEX TERM--UNCONTROLLED
Uncontrolled term პაციენტის მოვლის სტატისტიკა
700 1# - ADDED ENTRY--PERSONAL NAME
Personal name Garzon, Laurel S.
856 42 - ELECTRONIC LOCATION AND ACCESS
Materials specified Publisher description
Uniform Resource Identifier <a href="http://www.loc.gov/catdir/enhancements/fy0835/2008024783-d.html">http://www.loc.gov/catdir/enhancements/fy0835/2008024783-d.html</a>
856 41 - ELECTRONIC LOCATION AND ACCESS
Materials specified Table of contents only
Uniform Resource Identifier <a href="http://www.loc.gov/catdir/enhancements/fy0837/2008024783-t.html">http://www.loc.gov/catdir/enhancements/fy0837/2008024783-t.html</a>
906 ## - LOCAL DATA ELEMENT F, LDF (RLIN)
a 7
b cbc
c orignew
d 1
e ecip
f 20
g y-gencatlg
942 ## - ADDED ENTRY ELEMENTS (KOHA)
Source of classification or shelving scheme
Koha item type Books
Holdings
Withdrawn status Lost status Source of classification or shelving scheme Damaged status Not for loan Permanent location Current location Date acquired Inventory number Total Checkouts Full call number Barcode Date last seen Price effective from Koha item type
          Ken Walker International University Ken Walker International University 12/18/2020 2096   616-08 P-75 2096 12/18/2020 12/18/2020 Books
          Ken Walker International University Ken Walker International University 12/22/2020 2337   616-08 P-75 2337 12/22/2020 12/22/2020 Books

Powered by Koha